ADMINISTRACION : (Registro nro. 54299)
[ vista simple ]
| 000 -LEADER | |
|---|---|
| fixed length control field | 00866nam a2200229 a 4500 |
| 001 - CONTROL NUMBER | |
| control field | 54299 |
| 005 - DATE AND TIME OF LATEST TRANSACTION | |
| control field | 20180714045034.0 |
| 008 - FIXED-LENGTH DATA ELEMENTS--GENERAL INFORMATION | |
| fixed length control field | 140415s2009 mx 000 0 spa d |
| 020 ## - INTERNATIONAL STANDARD BOOK NUMBER | |
| International Standard Book Number | 9789701072790 |
| 041 ## - LANGUAGE CODE | |
| Language code of text/sound track or separate title | spa |
| 082 ## - DEWEY DECIMAL CLASSIFICATION NUMBER | |
| Classification number | 658 |
| Item number | BAT |
| 100 1# - MAIN ENTRY--PERSONAL NAME | |
| Personal name | BATEMAN, THOMAS S. |
| 245 10 - TITLE STATEMENT | |
| Title | ADMINISTRACION : |
| Remainder of title | LIDERAZGO Y COLABORACION EN UN MUNDO COMPETITIVO |
| 250 ## - EDITION STATEMENT | |
| Edition statement | 8ed. |
| 260 ## - PUBLICATION, DISTRIBUTION, ETC. | |
| Place of publication, distribution, etc. | MEXICO : |
| Name of publisher, distributor, etc. | MCGRAW-HILL INTERAMERICANA EDITORES, |
| Date of publication, distribution, etc. | 2009 |
| 300 ## - PHYSICAL DESCRIPTION | |
| Extent | 690 |
| Dimensions | 21 x 3.5 x 27 |
| 520 ## - SUMMARY, ETC. | |
| Summary, etc. | ES UN AMBIENTE DE NEGOCIOS CADA VEZ MAS COMPETITIVO, LOS AUTORES BATEMAN Y SNELL HAN IDENTIFICADO FACTORES QUE SON EL DESEMPEÑO DE LAS ORGANIZACIONES, TALES COMO: |
| 650 14 - SUBJECT ADDED ENTRY--TOPICAL TERM | |
| Topical term or geographic name entry element | ADMINISTRACION |
| 700 1# - ADDED ENTRY--PERSONAL NAME | |
| Personal name | PATERNA PATRUCCO, MONICA |
| Relator term | tr. |
| 740 ## - ADDED ENTRY--UNCONTROLLED RELATED/ANALYTICAL TITLE | |
| Uncontrolled related/analytical title | MANAGEMENT LEADING. COLLABORATING IN THE COMPETITIVE WORLD |
| 700 1# - ADDED ENTRY--PERSONAL NAME | |
| Personal name | SNELL, SCOTT A. |
| Relator term | coaut. |
| Withdrawn status | Lost status | Source of classification or shelving scheme | Damaged status | Not for loan | Collection code | Home library | Current library | Shelving location | Date acquired | Source of acquisition | Inventory number | Total Checkouts | Total Renewals | Full call number | Barcode | Date last seen | Date last checked out | Price effective from | Koha item type |
|---|---|---|---|---|---|---|---|---|---|---|---|---|---|---|---|---|---|---|---|
| Dewey Decimal Classification | General | Biblioteca Karol Wojtyla | Biblioteca Karol Wojtyla | Sala general | 03/12/2013 | Compra | 151000000000000000020709 | 3 | 2 | 658 BAT 2009 | 81073 | 05/01/2026 | 22/10/2024 | 13/01/2015 | Libro | ||||
| Dewey Decimal Classification | General | Biblioteca Karol Wojtyla | Biblioteca Karol Wojtyla | Sala general | 03/12/2013 | Compra | 151000000000000000020707 | 658 BAT 2009 | 81071 | 05/01/2026 | 13/01/2015 | Reserva permanente | |||||||
| Dewey Decimal Classification | General | Biblioteca Karol Wojtyla | Biblioteca Karol Wojtyla | Sala general | 03/12/2013 | Compra | 151000000000000000020708 | 3 | 2 | 658 BAT 2009 | 81072 | 05/01/2026 | 07/01/2019 | 13/01/2015 | Libro |